| 000 | 00781nam a2200229 i 4500 | ||
|---|---|---|---|
| 001 | bg | ||
| 245 | 0 | 0 |
_aBiznes : _bsłownik w 11 językach - niemiecki, angielski, francuski, włoski, hiszpański, portugalski, holenderski, szwedzki, polski, czeski, węgierski / _c[red. Barry Sandoval]. |
| 246 |
_iTyt. oryg.: _aWirtschaft in 11 Sprachen |
||
| 260 |
_aWarszawa : _b"Muza", _c1998. |
||
| 300 |
_a1135 s. ; _c22 cm. |
||
| 500 | _aOryg. : "Wirtschaft in 11 Sprachen" 1998. | ||
| 650 | 9 |
_aNauki ekonomiczne _xsłownictwo |
|
| 650 | 9 | _aSłownik wielojęzyczny | |
| 700 | 1 |
_aSANDOVAL, Barry. _eRed. |
|
| 020 | _a8370798780 | ||
| 040 | _cBPK | ||
| 041 | 1 |
_apl _hde |
|
| 080 | _a33(038)=00 | ||
| 920 | _a83-7079-878-0 | ||
| 942 | _cKS | ||
| 008 | s pl f |000 0 pol | ||
| 999 |
_c33549 _d33549 |
||
| 856 |
_uhttp://koha.tu.koszalin.pl/cgi-bin/koha/opac-detail.pl?biblionumber=33549 _yKatalog online BPK |
||